header

Occupational pension schemes in Germany (Record no. 122176)

MARC details
000 -LEADER
fixed length control field 01179nam a2200301 a 4500
100 1# - MAIN ENTRY--AUTHOR NAME
Personal name Schulz, Peter.
245 10 - TITLE STATEMENT
Title Occupational pension schemes in Germany
260 ## - PUBLICATION, DISTRIBUTION, ETC. (IMPRINT)
Place of publication Hamburg :
Name of publisher Druck Diplomica,
Year of publication 2007.
300 ## - PHYSICAL DESCRIPTION
Number of Pages v, 78 p. :
Other physical details ill.
490 0# - SERIES STATEMENT
Series statement MA-Thesis/Master
650 #0 - SUBJECT ADDED ENTRY--TOPICAL TERM
Topical Term Pensions
856 40 - ELECTRONIC LOCATION AND ACCESS
Uniform Resource Identifier http://site.ebrary.com/lib/rucke/Doc?id=10483122

No items available.

© 2026 Rongo University
Contact us: librarian | system librarian | Rongo university